Loading...

Chiranjit ke naatakom mem raashthreeya chethana

Bibliographic Details
Main Authors: James George, M A; Researcher, Joseph, N K; Guide
Format: Ph.D Thesis
Published: Kottayam, Mahatma Gandhi University 1997
Edition:Ph.D
Subjects:
LEADER 010400000a22002890004500
040 |a HINDI 
082 |a 891.432 CHI 09 N6 
100 |a James George, M A; Researcher 
100 |a Joseph, N K; Guide 
240 |a National consciousness in the plays of Chiranjit  |l HIN 
245 |a Chiranjit ke naatakom mem raashthreeya chethana 
250 |a Ph.D 
260 |a Kottayam, Mahatma Gandhi University 
260 |c 1997 
460 |a 321p 
500 |a Awarded on 20.9.1997 
500 |a Department of Hindi, St Thomas College Pala, Kottayam, Kerala  |e IN 
500 |a Includes bibliographical references 
500 |a M A James George; Guided by Dr N K Joseph 
650 |a Chiranjit 
650 |a Criticism and interpretation 
650 |a Dissertations, Academic (Ph.D) 
650 |a Drama 
650 |a Hindi drama 
650 |a Thesis (Ph.D)-Hindi literature 
999 |c 36320  |d 36320 
952 |0 0  |1 0  |4 0  |6 891_432000000000000_CHI_09_N6  |7 0  |8 THES  |9 36775  |a MGUL  |b MGUL  |d 2013-07-16  |l 0  |o 891.432 CHI 09 N6  |p T00571  |r 2013-07-16  |w 2013-07-16  |y THES